00497nam a2200193 a 4500001001300000003000900013005001700022008004100039020001000080082001800090100002400108245002500132260003600157300000900193500003500202505002700237650001500264700002400279nice12345678IN_TiNIC20260116011513.0050524s0000 shia grp 000 0 urd  ac10000a297.86bAHM27 aAhmad, Mirza Ghulam aKeramut-Us-Sadiqien. aShimlabIndian Institute c0000 a100p aincludes index and biblioraphy2 aPlus Some Other Tracts aAhmadiyyah1 aAhmad, Mirza Ghulam